[Event "28. Offene Internationale Bayerische Schachmeisterschaft"]
[Site "Gmund am Tegernsee"]
[Date "2025.11.08"]
[Round "8"]
[Board "19"]
[White "Yelisieiev, Yevhenii"]
[Black "Saad, Gabriel"]
[Result "1-0"]
[WhiteElo "2388"]
[BlackElo "2199"]
[PlyCount "0"]
[EventDate "2025.11.01"]
[EventRounds "9"]
[EventCountry "GER"]

1. d4 Nf6 2. Nf3 g6 3. g3 Bg7 4. Bg2 O-O 5. O-O d6 6. a4 a5 7. Nc3 Nbd7 8. Bf4 c6
9. Qd2 Qc7 10. Bh6 e5 11. Bxg7 Kxg7 12. e4 Re8 13. Rad1 Nb6 14. b3 Bg4 15. h3 Bxf3
16. Bxf3 Rad8 17. Rfe1 Nbd7 18. Bg2 Qb6 19. Kh2 Nf8 20. d5 cxd5 21. exd5 h5 22. Nb5
h4 23. g4 N6h7 24. f4 Nd7 25. g5 Rc8 26. c4 exf4 27. Qxf4 Ne5 28. Re4 Qd8 29. Rde1
Nd3 30. Rxe8 Nxf4 31. Rxd8 Rxd8 32. Re4 Nd3 33. Rxh4 Nxg5 34. Rg4 Nh7 35. Be4 Nc5
36. Bc2 Nf6 37. Rg2 Kf8 38. Re2 Ne8 39. Kg3 Rd7 40. Kf4 Re7 41. Rxe7 Kxe7 42. Kg5
Ng7 43. h4 Nd7 44. Bd1 Ne5 45. Nd4 Ne8 46. Bg4 Nf6 47. Be2 Ne4+ 48. Kf4 Nc5 49. Kg5
Ne4+ 50. Kf4 Nc5 51. Ke3 Kf6 52. Nb5 Ke7 53. Bd1 Ned7 54. Bc2 Ne5 55. Kf4 Ned7 56.
Kg5 Ne5 57. Nd4 Na6 58. h5 gxh5 59. Nf5+ Kd7 60. Kxh5 Nc5 61. Kg5 Nf3+ 62. Kf6 Nd2
63. Nd4 Ke8 64. Nb5 Kd7 65. Nd4 Ke8 66. Nb5 Kd7 67. Bf5+ Kd8 68. Nxd6 Ndxb3 69. Nxf7+
Ke8 70. Nd6+ Kd8 71. Nf7+ Ke8 72. Nd6+ Kd8 73. Bc2 Nd2 74. Nf7+ Ke8 75. Ne5 Nde4+
76. Bxe4 Nxe4+ 77. Ke6 Nc5+ 78. Kd6 Nxa4 79. Kc7 Nc5 80. d6 a4 81. d7+ Nxd7 82. Nxd7
a3 83. Nc5 a2 84. Nb3  1-0

[Event "28. Offene Internationale Bayerische Schachmeisterschaft"]
[Site "Gmund am Tegernsee"]
[Date "2025.11.08"]
[Round "8"]
[Board "20"]
[White "Nasta, Kiren Vivek"]
[Black "Dahl, Christoph"]
[Result "1/2-1/2"]
[WhiteElo "2197"]
[BlackElo "2387"]
[PlyCount "0"]
[EventDate "2025.11.01"]
[EventRounds "9"]
[EventCountry "GER"]

1. e4 c5 2. Nf3 d6 3. d4 cxd4 4. Nxd4 Nf6 5. Nc3 a6 6. Bc4 e6 7. Be3 b5 8. Bb3 Be7
9. Qf3 Qc7 10. g4 b4 11. Nce2 Bb7 12. Nf4 Bxe4 13. Qh3 Qb7 14. g5 Bxh1 15. gxf6 Bxf6
 1/2-1/2

[Event "28. Offene Internationale Bayerische Schachmeisterschaft"]
[Site "Gmund am Tegernsee"]
[Date "2025.11.08"]
[Round "8"]
[Board "21"]
[White "Sajka, Mariusz"]
[Black "Falkevall, Axel"]
[Result "1/2-1/2"]
[WhiteElo "2209"]
[BlackElo "2380"]
[PlyCount "0"]
[EventDate "2025.11.01"]
[EventRounds "9"]
[EventCountry "GER"]

1. e4 e5 2. Nf3 Nc6 3. Bb5 a6 4. Bxc6 dxc6 5. O-O Qf6 6. d4 exd4 7. Bg5 Qd6 8. Nxd4
Be7 9. Be3 Nf6 10. f3 c5 11. Nb3 Qxd1  1/2-1/2

[Event "28. Offene Internationale Bayerische Schachmeisterschaft"]
[Site "Gmund am Tegernsee"]
[Date "2025.11.08"]
[Round "8"]
[Board "23"]
[White "Malinowsky, Levi"]
[Black "Garcia Ramos, Marcos"]
[Result "1/2-1/2"]
[WhiteElo "2341"]
[BlackElo "2145"]
[PlyCount "0"]
[EventDate "2025.11.01"]
[EventRounds "9"]
[EventCountry "GER"]

1. d4 Nf6 2. Nf3 e6 3. Bg5 c5 4. e3 b6 5. Nbd2 Bb7 6. Bd3 Be7 7. O-O O-O 8. c3 cxd4
9. exd4 d6 10. Re1 Nbd7 11. a4 a6 12. Qc2 Re8 13. Rad1 h6 14. Bh4 Nh5 15. Bxe7 Qxe7
16. Bh7+ Kh8 17. Be4 Ndf6 18. Bxb7 Qxb7 19. Ne4 Nxe4 20. Rxe4 Nf6 21. Rf4 Nd5 22.
Rh4 Kg8 23. c4 Nf6 24. Qd3  1/2-1/2

[Event "28. Offene Internationale Bayerische Schachmeisterschaft"]
[Site "Gmund am Tegernsee"]
[Date "2025.11.08"]
[Round "8"]
[Board "25"]
[White "Wagner, Lukas"]
[Black "Dehlinger, Alexander"]
[Result "1/2-1/2"]
[WhiteElo "1957"]
[BlackElo "2298"]
[PlyCount "0"]
[EventDate "2025.11.01"]
[EventRounds "9"]
[EventCountry "GER"]

1. d4 Nf6 2. c4 e6 3. Nf3 b6 4. g3 Ba6 5. Qa4 Bb7 6. Bg2 c5 7. dxc5 bxc5 8. O-O Be7
9. Rd1 O-O 10. Nc3 Qb6 11. Bf4 Rd8 12. Rd2 d6 13. Rad1 h6 14. Qb3 Ne8 15. h4 Nc6
16. Qxb6 axb6 17. b3 Rab8  1/2-1/2

[Event "28. Offene Internationale Bayerische Schachmeisterschaft"]
[Site "Gmund am Tegernsee"]
[Date "2025.11.08"]
[Round "8"]
[Board "26"]
[White "Pultinevicius, Paulius"]
[Black "Bossinger, Patrick"]
[Result "1-0"]
[WhiteElo "2542"]
[BlackElo "2053"]
[PlyCount "0"]
[EventDate "2025.11.01"]
[EventRounds "9"]
[EventCountry "GER"]

1. c4 Nf6 2. g3 c5 3. Bg2 Nc6 4. Nc3 g6 5. Rb1 Bg7 6. a3 a5 7. d3 O-O 8. Nf3 d6 9.
O-O Bd7 10. Ne1 Ne8 11. Bd2 Nc7 12. Nc2 Rb8 13. Ne3 b5 14. cxb5 Nxb5 15. Nc4 Nxc3
16. Bxc3 Bxc3 17. bxc3 Qc7 18. Qd2 Kg7 19. d4 Rxb1 20. Rxb1 Rb8 21. Rc1 Nd8 22. e4
cxd4 23. cxd4 Rc8 24. Bf1 d5 25. exd5 Bb5 26. Rc2 Qa7 27. Ne3 Rxc2 28. Qxc2 Bxf1
29. Kxf1 Qa6+ 30. Qc4 Qxc4+ 31. Nxc4 Nb7 32. Ke2 Kf8 33. Kd3 Ke8 34. Kc3 Kd7 35.
Kb3 e6 36. d6 Nd8 37. Ka4 f6 38. Kb5 a4 39. Kxa4 Nc6 40. Kb5 Nxd4+ 41. Kb6  1-0

[Event "28. Offene Internationale Bayerische Schachmeisterschaft"]
[Site "Gmund am Tegernsee"]
[Date "2025.11.08"]
[Round "8"]
[Board "27"]
[White "Wagner, Julian"]
[Black "Rathanvel, V S"]
[Result "0-1"]
[WhiteElo "2140"]
[BlackElo "2483"]
[PlyCount "0"]
[EventDate "2025.11.01"]
[EventRounds "9"]
[EventCountry "GER"]

1. d4 Nf6 2. c4 e6 3. Nf3 d5 4. Nc3 a6 5. cxd5 exd5 6. Bg5 Be7 7. e3 Be6 8. Bd3 O-O
9. O-O Nbd7 10. Rc1 c6 11. Qc2 h6 12. Bh4 Rc8 13. Rfd1 Re8 14. h3 Bd6 15. Ne2 Qa5
16. Bg3 Bxg3 17. Nxg3 c5 18. Qc3 Qxc3 19. bxc3 Rc7 20. Rb1 b5 21. a4 bxa4 22. Ra1
cxd4 23. cxd4 Nb6 24. Rdb1 Nfd7 25. Bxa6 Ra8 26. Bb5 Ra5 27. Ne1 Nf6 28. Bd3 Nc4
29. Rb4 Bd7 30. Ne2 Ne4 31. Nc2 Ned2 32. Nc3 g6 33. Rb8+ Kg7 34. Nb4 Nxe3 35. Nb5
Bxb5 36. Bxb5 Nb3 37. Rxa4 Rxa4 38. Bxa4 Rc1+ 39. Kh2 Nf1+ 40. Kg1 Ng3+ 41. Kh2 Nf1+
42. Kg1 Nxd4 43. Bb5 Nd2+ 44. Kh2 Rb1 45. Bd3 Rb3 46. Bc2  0-1

[Event "28. Offene Internationale Bayerische Schachmeisterschaft"]
[Site "Gmund am Tegernsee"]
[Date "2025.11.08"]
[Round "8"]
[Board "28"]
[White "Muthaiah, Al"]
[Black "Poelt, Christoph"]
[Result "1-0"]
[WhiteElo "2432"]
[BlackElo "2153"]
[PlyCount "0"]
[EventDate "2025.11.01"]
[EventRounds "9"]
[EventCountry "GER"]

1. d4 Nf6 2. c4 g6 3. Nc3 d5 4. Nf3 Bg7 5. Qb3 dxc4 6. Qxc4 O-O 7. e4 a6 8. Be2 b5
9. Qb3 c5 10. dxc5 Bb7 11. O-O Nxe4 12. Nxe4 Bxe4 13. Bg5 Nc6 14. Qe3 Bf5 15. Bh6
Bxb2 16. Rad1 Qa5 17. Bxf8 Rxf8 18. Bd3 Bg4 19. Be4 Bxf3 20. Bxf3 Ne5 21. Bb7 e6
22. c6 Qc7 23. Qc5 Rb8 24. Rd2 Nc4 25. Rd7 Rxb7 26. Qe7  1-0

[Event "28. Offene Internationale Bayerische Schachmeisterschaft"]
[Site "Gmund am Tegernsee"]
[Date "2025.11.08"]
[Round "8"]
[Board "29"]
[White "Goldbeck, Lars"]
[Black "Cordts, Ingo"]
[Result "1-0"]
[WhiteElo "2415"]
[BlackElo "2152"]
[PlyCount "0"]
[EventDate "2025.11.01"]
[EventRounds "9"]
[EventCountry "GER"]

1. c4 e6 2. Nf3 d5 3. g3 dxc4 4. Qa4+ Nd7 5. Bg2 a6 6. Qxc4 b5 7. Qc2 Bb7 8. O-O
Ngf6 9. d3 Be7 10. a4 c5 11. Nc3 b4 12. Nb1 Nd5 13. Nbd2 e5 14. Nc4 f6 15. Nh4 Nf8
16. Nf5 Ne6 17. Nxe7 Kxe7 18. e3 Qc7 19. f4 exf4 20. gxf4 Rad8 21. f5 Nf8 22. e4
b3 23. Qxb3 Nb4 24. Bf4 Qc6 25. Rad1 g6 26. d4 gxf5 27. d5 Qe8 28. d6+ Kd7 29. Nb6+
Kc6 30. a5 Kd5  1-0

[Event "28. Offene Internationale Bayerische Schachmeisterschaft"]
[Site "Gmund am Tegernsee"]
[Date "2025.11.08"]
[Round "8"]
[Board "30"]
[White "Martin, Julian"]
[Black "Boehmer, Christian"]
[Result "0-1"]
[WhiteElo "2360"]
[BlackElo "2140"]
[PlyCount "0"]
[EventDate "2025.11.01"]
[EventRounds "9"]
[EventCountry "GER"]

1. e4 e5 2. Nf3 Nc6 3. Bc4 Be7 4. d4 exd4 5. c3 Nf6 6. e5 Ng4 7. cxd4 d5 8. Bb5 h5
9. Nc3 a6 10. Bxc6+ bxc6 11. h3 Nh6 12. Na4 a5 13. Qc2 Ra6 14. Bd2 Bf5 15. Qc1 Be4
16. Ng5 Nf5 17. Nxe4 dxe4 18. Qc4 Qc8 19. O-O O-O 20. Rae1 c5 21. dxc5 Rg6 22. Bf4
Nh4 23. Bg3 Nf3+ 24. Kh1 h4 25. Bf4 Nxe1 26. Rxe1 Rd8 27. Qxe4 Qa6 28. Be3 Re6 29.
f4 f6 30. Nc3 fxe5 31. f5 Rc6 32. Nd5 Bxc5 33. f6 Bb4 34. Rd1 Rxf6 35. Nxf6+ Qxf6
36. Qc4+ Kh8 37. Rf1 Qe7 38. a3 Bd2 39. Rf7 Bxe3 40. g3 Qg5  0-1

[Event "28. Offene Internationale Bayerische Schachmeisterschaft"]
[Site "Gmund am Tegernsee"]
[Date "2025.11.08"]
[Round "8"]
[Board "31"]
[White "Fuchs, Florian"]
[Black "Morawietz, Dieter"]
[Result "1-0"]
[WhiteElo "2109"]
[BlackElo "2346"]
[PlyCount "0"]
[EventDate "2025.11.01"]
[EventRounds "9"]
[EventCountry "GER"]

1. e4 c6 2. d4 d5 3. Nc3 dxe4 4. Nxe4 Bf5 5. Ng3 Bg6 6. h4 h6 7. Nf3 e6 8. Ne5 Bh7
9. Bd3 Bxd3 10. Qxd3 Nd7 11. f4 Bb4+ 12. c3 Bd6 13. Ne4 Ndf6 14. Nxd6+ Qxd6 15. Qg3
g6 16. h5 gxh5 17. O-O Rh7 18. f5 O-O-O 19. Bf4 Qd5 20. fxe6 fxe6 21. Rae1 Ne4 22.
Qg6 Ngf6 23. Rxe4 Rg8 24. Qxf6 Rhg7 25. Rf2 Qxe4 26. Qxe6+ Kc7 27. Nd3+  1-0

[Event "28. Offene Internationale Bayerische Schachmeisterschaft"]
[Site "Gmund am Tegernsee"]
[Date "2025.11.08"]
[Round "8"]
[Board "32"]
[White "Nurman, Alua"]
[Black "Delitzsch, Juergen"]
[Result "1-0"]
[WhiteElo "2344"]
[BlackElo "2144"]
[PlyCount "0"]
[EventDate "2025.11.01"]
[EventRounds "9"]
[EventCountry "GER"]

1. e4 c5 2. Nf3 g6 3. c3 d5 4. exd5 Qxd5 5. d4 Nf6 6. Na3 Bg7 7. Bc4 Qe4+ 8. Be3
O-O 9. O-O cxd4 10. cxd4 Nc6 11. h3 Qf5 12. Nb5 a6 13. Nc3 b5 14. Bd3 Qd7 15. a4
b4 16. Ne4 Nxe4 17. Bxe4 Bb7 18. d5 Ne5 19. Qb3 Nxf3+ 20. Bxf3 a5 21. Rac1 Rfc8 22.
Bg4 f5 23. Bf3 Kh8 24. Bc5 Rc7 25. Rfe1 Qc8 26. Be3 Rxc1 27. Rxc1 Qd8 28. Bg5 h6
29. Bf4 Rc8 30. Re1 g5 31. Bd2 Qd7 32. Be3 Qd6 33. Qd1 Qf6 34. b3 Rc7 35. Qb1 f4
36. Bd2 Bc8 37. Qd3 Bf5 38. Be4 Bxe4 39. Rxe4 Rc8 40. Re6 Qa1+ 41. Kh2 Bf6 42. d6
exd6 43. Qxd6 Rd8 44. Qb6 Kg7 45. Qc7+ Kg8 46. Be1 Ra8 47. Qc6 Rf8 48. Qd5 Kg7 49.
Qxa5 f3 50. g3 Bc3 51. Qc7+ Rf7 52. Bxc3+ bxc3 53. Qe5+ Kg8 54. Re8+ Rf8 55. Qe6+
Kg7 56. Re7+  1-0

[Event "28. Offene Internationale Bayerische Schachmeisterschaft"]
[Site "Gmund am Tegernsee"]
[Date "2025.11.08"]
[Round "8"]
[Board "33"]
[White "Forchert, Martin"]
[Black "Isbilir, Levin"]
[Result "1-0"]
[WhiteElo "2336"]
[BlackElo "2137"]
[PlyCount "0"]
[EventDate "2025.11.01"]
[EventRounds "9"]
[EventCountry "GER"]

1. e4 c5 2. Nf3 d6 3. d4 cxd4 4. Nxd4 Nf6 5. f3 e5 6. Bb5+ Nbd7 7. Nb3 d5 8. exd5
Bd6 9. Nc3 O-O 10. O-O Nh5 11. Ne4 Bb8 12. Be3 Nb6 13. d6 f5 14. Bg5 Nf6 15. Nxf6+
gxf6 16. Be3 Bxd6 17. a4 Be6 18. Nc5 Bxc5 19. Bxc5 Qxd1 20. Rfxd1 Rfc8 21. Bxb6 axb6
22. Rd6 Bc4 23. Bd7 Rd8 24. Rad1 Kg7 25. b3 Bf7 26. Bxf5  1-0

[Event "28. Offene Internationale Bayerische Schachmeisterschaft"]
[Site "Gmund am Tegernsee"]
[Date "2025.11.08"]
[Round "8"]
[Board "34"]
[White "Vingris, Mikelis"]
[Black "Tillmann, Markus"]
[Result "1-0"]
[WhiteElo "2329"]
[BlackElo "2112"]
[PlyCount "0"]
[EventDate "2025.11.01"]
[EventRounds "9"]
[EventCountry "GER"]

1. e4 e5 2. Nf3 Nc6 3. d4 exd4 4. Nxd4 Nf6 5. Nxc6 bxc6 6. e5 Qe7 7. Qe2 Nd5 8. c4
Ba6 9. Nd2 Nf4 10. Qe4 Ne6 11. b3 Rb8 12. Nf3 c5 13. Bd3 Bb7 14. Qe2 g5 15. Be4 Bg7
16. Bxb7 Rxb7 17. Qe4 Rb8 18. Bb2 O-O 19. Rd1 Rb6 20. O-O Nf4 21. Qf5 Ne6 22. Rd2
h6 23. Rfd1 d6 24. h4 gxh4 25. Qg4 dxe5 26. Nxe5 Nd4 27. Bxd4 cxd4 28. Nf3 c5 29.
Nxh4 Re8 30. Rd3 h5 31. Qh3 Qe2 32. Nf3 Rbe6 33. Qf5 Rf6 34. Qxh5 Rh6 35. Qxc5 Ree6
36. Qc8+ Kh7 37. R3d2  1-0

[Event "28. Offene Internationale Bayerische Schachmeisterschaft"]
[Site "Gmund am Tegernsee"]
[Date "2025.11.08"]
[Round "8"]
[Board "35"]
[White "Meister, Peter"]
[Black "Arnhold, Steffi"]
[Result "1-0"]
[WhiteElo "2315"]
[BlackElo "2078"]
[PlyCount "0"]
[EventDate "2025.11.01"]
[EventRounds "9"]
[EventCountry "GER"]

1. d4 d5 2. Nf3 Nf6 3. c3 c6 4. Qc2 Qc7 5. c4 e6 6. g3 dxc4 7. Qxc4 b5 8. Qc2 Bb7
9. a4 a6 10. axb5 axb5 11. Rxa8 Bxa8 12. Bg2 Nbd7 13. O-O Bd6 14. Nc3 O-O 15. e4
e5 16. Rd1 Re8 17. Bg5 exd4 18. Nxd4 Bc5 19. h3 Qa7 20. Be3 Bb6 21. b3 h6 22. f4
Nc5 23. Bf2 b4 24. e5 bxc3 25. exf6 Rd8 26. Kh2 Ne6 27. Nxe6 Rxd1 28. Qxd1 fxe6 29.
Bxb6 Qxb6 30. Qg4 Qc7 31. Qxe6+ Qf7 32. Qc8+ Qf8 33. Qe6+ Qf7 34. Qc8+ Qf8 35. Qxf8+
Kxf8 36. fxg7+ Kxg7 37. Be4 c5 38. Bc2 Bd5 39. Kg1 h5 40. Kf2 Kf6 41. Ke2 Be6 42.
h4 Bf7 43. Ke3 Ke6 44. Kd3 Kf5 45. Bd1 c2 46. Kxc2 Ke4 47. Kc3 Ke3 48. f5 Ke4 49.
Bc2+ Ke5 50. Bd3 Bd5 51. Bc4 Bf3 52. Be6 Be2 53. Kd2 Bg4 54. Kd3 Bh3 55. Kc4 Kd6
56. Kb5 Bg4 57. Kb6 Bh3 58. Kb7 Bg4 59. Kc8 Ke5 60. Kd7 Bxf5 61. Bxf5 Kxf5 62. Kd6
Kg4 63. Kxc5 Kxg3 64. b4 Kxh4 65. b5 Kg3 66. b6 h4 67. b7 h3 68. b8=Q+ Kg2 69. Qg8+
Kh1 70. Qd5+ Kg1 71. Qd4+ Kh1 72. Qf2 h2 73. Qf1#  1-0

[Event "28. Offene Internationale Bayerische Schachmeisterschaft"]
[Site "Gmund am Tegernsee"]
[Date "2025.11.08"]
[Round "8"]
[Board "36"]
[White "Salzmann, Peter"]
[Black "Nithin, Babu"]
[Result "1-0"]
[WhiteElo "2108"]
[BlackElo "2310"]
[PlyCount "0"]
[EventDate "2025.11.01"]
[EventRounds "9"]
[EventCountry "GER"]

1. d4 d6 2. Nf3 Nf6 3. g3 g6 4. Bg2 Bg7 5. c4 Bf5 6. Nc3 Ne4 7. Nh4 Nxc3 8. bxc3
Bc8 9. f4 O-O 10. O-O c5 11. Be3 Qc7 12. Qd3 Nc6 13. f5 Bd7 14. fxg6 hxg6 15. Nxg6
fxg6 16. Qxg6 Bf5 17. Rxf5 Rxf5 18. Qxf5 e6 19. Qxe6+ Qf7 20. Qxf7+ Kxf7 21. Bd5+
Ke8 22. dxc5 dxc5 23. Bxc5 Bxc3 24. Rb1 Bd4+ 25. Bxd4 Nxd4 26. Rxb7 Nxe2+ 27. Kf2
Nc3 28. Re7+ Kxe7 29. Bxa8 Nxa2 30. Ke3 a5 31. Kd4 a4 32. c5 Nb4 33. Kc3 Na6 34.
c6 Nc7 35. Bb7 Nd5+ 36. Kb2 Kd6 37. h4 Ne3 38. h5 Nd5 39. Ka3 Ke5 40. Bc8 Kf6 41.
Bd7 Kg5 42. g4 Nb6 43. c7 Nxd7 44. c8=Q Ne5 45. Qf5+ Kh6 46. Qxe5  1-0

[Event "28. Offene Internationale Bayerische Schachmeisterschaft"]
[Site "Gmund am Tegernsee"]
[Date "2025.11.08"]
[Round "8"]
[Board "37"]
[White "Adharsh, K"]
[Black "Kick, Joachim"]
[Result "1-0"]
[WhiteElo "2299"]
[BlackElo "2087"]
[PlyCount "0"]
[EventDate "2025.11.01"]
[EventRounds "9"]
[EventCountry "GER"]

1. Nf3 d5 2. g3 c5 3. Bg2 Nc6 4. d4 e6 5. O-O cxd4 6. Nxd4 Bc5 7. Nxc6 bxc6 8. c4
Nf6 9. Qc2 Qe7 10. cxd5 cxd5 11. Be3 Bxe3 12. Qc6+ Qd7 13. Qxa8 O-O 14. Qb8 Bb7 15.
Qe5 Ng4 16. Qh5 Nxf2 17. Rxf2 Qb5 18. Qf3 Bxf2+ 19. Kxf2 Qxb2 20. Qc3 Qb6+ 21. e3
Rc8 22. Qb3 Rc1 23. Qxb6 axb6 24. Bf1 e5 25. a4 d4 26. exd4 Be4 27. a5 bxa5 28. Rxa5
Rxb1 29. Bd3 Rb2+ 30. Ke3 Bb7 31. d5 Kf8 32. d6 Ke8 33. Bf5 f6 34. Rc5 Rb3+ 35. Kd2
Rb4 36. d7+ Ke7 37. Rc8 Rd4+ 38. Ke3 g6 39. Re8+  1-0

[Event "28. Offene Internationale Bayerische Schachmeisterschaft"]
[Site "Gmund am Tegernsee"]
[Date "2025.11.08"]
[Round "8"]
[Board "38"]
[White "Gohla, Ulf"]
[Black "Seifert, Volker"]
[Result "0-1"]
[WhiteElo "2097"]
[BlackElo "2296"]
[PlyCount "0"]
[EventDate "2025.11.01"]
[EventRounds "9"]
[EventCountry "GER"]

1. d4 e6 2. c4 Nf6 3. Nf3 b6 4. g3 Ba6 5. b3 c6 6. Bg2 d5 7. Ne5 Bb4+ 8. Bd2 Be7
9. O-O O-O 10. cxd5 cxd5 11. Nc3 b5 12. Rc1 Qb6 13. Be3 Rc8 14. Nb1 Nbd7 15. Qd2
b4 16. Bf3 Qb7 17. Rxc8+ Rxc8 18. Rc1 Rxc1+ 19. Qxc1 Nxe5 20. dxe5 Nd7 21. Bd4 Bd8
22. Bg4 Bb6 23. e3 Bxd4 24. exd4 Qb6 25. Qe3 Nb8 26. Nd2 Qa5 27. Be2 Qxa2 28. Bxa6
Qxa6 29. f4 Qa1+ 30. Kf2 Nc6 31. Nf3 Qb2+ 32. Ke1 Qb1+ 33. Ke2 h6 34. Qd3 Qxd3+ 35.
Kxd3 h5 36. h3 Na5 37. Kc2 f6 38. g4 hxg4 39. hxg4 Kf7 40. f5 Nc6 41. Kd3 Ne7 42.
Nh4 a5 43. Ke3 Nc8 44. Ng6 Ne7 45. Nh4 Nc6 46. Nf3 Ke7 47. Kd3 Kd7 48. Ke3 Ne7 49.
Nh4 exf5 50. gxf5 Kc6 51. Kd3 Kb5 52. Kc2 a4 53. bxa4+ Kxa4 54. e6 Ka3 55. Kb1 Kb3
56. Ng6 Nxf5 57. e7 Nd6 58. Nf4 Kc4 59. Kc2 Ne8 60. Ne6 g5  0-1

[Event "28. Offene Internationale Bayerische Schachmeisterschaft"]
[Site "Gmund am Tegernsee"]
[Date "2025.11.08"]
[Round "8"]
[Board "39"]
[White "Ronsin, Corentin"]
[Black "Warchol, Kamil"]
[Result "1/2-1/2"]
[WhiteElo "2093"]
[BlackElo "2282"]
[PlyCount "0"]
[EventDate "2025.11.01"]
[EventRounds "9"]
[EventCountry "GER"]

1. e4 c5 2. Nf3 d6 3. d4 cxd4 4. Nxd4 Nf6 5. Nc3 Nc6 6. Bg5 e6 7. Qd2 a6 8. O-O-O
Bd7 9. f4 Be7 10. Nf3 b5 11. e5 b4 12. exf6 bxc3 13. Qxc3 gxf6 14. Kb1 Rg8 15. Bh4
Rb8 16. h3 a5 17. Bc4 a4 18. a3 Qa5 19. Bxf6 Bxf6 20. Qxf6 Rg6 21. Qh8+ Ke7 22. Qxh7
Qc3 23. Qh4+ Ke8 24. Bb3 Qg7 25. Rxd6 axb3 26. c3 Ne7 27. g4 Bc6 28. Qf2 e5 29. fxe5
Rxd6 30. exd6 Qg6+ 31. Kc1 Qxd6 32. Rf1 Qf4+ 33. Qd2 Qxd2+ 34. Kxd2 Ng6 35. c4 Ke7
36. Nd4 Bd7 37. Kc3 Ne5 38. Re1 Kd6 39. Nxb3 Nxc4 40. Rd1+ Ke7 41. Nc5 Be6 42. Nxe6
Nxb2 43. Rb1 Na4+ 44. Kc2 Rc8+ 45. Kb3 Rb8+ 46. Kc2 Rc8+ 47. Kb3 Rb8+ 48. Kc2  1/2-1/2

[Event "28. Offene Internationale Bayerische Schachmeisterschaft"]
[Site "Gmund am Tegernsee"]
[Date "2025.11.08"]
[Round "8"]
[Board "40"]
[White "Joel, Paul Ganta"]
[Black "Koehler, Christian Friedrich"]
[Result "1/2-1/2"]
[WhiteElo "2085"]
[BlackElo "2274"]
[PlyCount "0"]
[EventDate "2025.11.01"]
[EventRounds "9"]
[EventCountry "GER"]

1. Nf3 d5 2. g3 Nf6 3. Bg2 c6 4. O-O g6 5. c4 Bg7 6. d4 O-O 7. a4 a5 8. Nc3 Na6 9.
cxd5 cxd5 10. Qb3 Nb4 11. Bf4 Bd7 12. Rfc1 Qb6 13. Be5 Rfc8 14. Ne1 Bc6 15. Nd3 Nd7
16. Bxg7 Nxd3 17. Qxb6 Nxb6 18. exd3 Kxg7 19. b3 e6 20. Ne2 Nd7 21. Kf1 Nb8 22. Ke1
Na6 23. Kd2 Nb4 24. Nc3 g5 25. Bf3 Kg6 26. g4 Kf6 27. Rh1 h6 28. h4 Rh8 29. Rh2 Kg7
30. Rah1 Rac8 31. Bd1 f6 32. Ne2 b5 33. Ng3 bxa4 34. bxa4 Bb7 35. f4 gxf4 36. Nh5+
Kf7 37. Nxf4 Nc6 38. g5 Nxd4 39. gxf6 Kxf6 40. Rf1 Nf5 41. Nxe6 Kxe6 42. Re2+ Kd6
43. Rxf5 Rcf8 44. Rfe5 Rf6 45. Re7 Rb8 46. h5 d4 47. Rg7 Bf3 48. Rf2 Rb2+ 49. Bc2
Rxc2+ 50. Kxc2 Bd1+ 51. Kxd1 Rxf2 52. Rg6+ Kc5 53. Rxh6 Rh2 54. Rh8 Kb4 55. h6 Kc3
56. h7 Kxd3 57. Kc1 Rc2+ 58. Kb1 Rc7 59. Kb2 Rd7 60. Kc1 Rb7 61. Ra8 Rc7+ 62. Kb2
Rxh7 63. Rxa5 Kd2 64. Rg5 Rb7+ 65. Rb5 Ra7 66. Rh5 Rb7+ 67. Rb5 Rh7 68. Rg5 d3 69.
Rg2 Ke3 70. Rg3+ Ke2 71. Rg2 Kf3 72. Rg8 Rc7 73. Rh8 Rc2+ 74. Kb3 Rc1 75. Rh3 Ke4
76. Rh4+ Ke5 77. Rh5+  1/2-1/2

[Event "28. Offene Internationale Bayerische Schachmeisterschaft"]
[Site "Gmund am Tegernsee"]
[Date "2025.11.08"]
[Round "8"]
[Board "41"]
[White "Schmidt, Gerhard"]
[Black "Soumya, Swaminathan"]
[Result "0-1"]
[WhiteElo "2083"]
[BlackElo "2256"]
[PlyCount "0"]
[EventDate "2025.11.01"]
[EventRounds "9"]
[EventCountry "GER"]

1. e4 c5 2. Nf3 Nc6 3. d4 cxd4 4. Nxd4 Nf6 5. Nc3 d6 6. Bg5 a6 7. Qd2 Bd7 8. O-O-O
e6 9. f4 Be7 10. Nf3 b5 11. Bxf6 gxf6 12. f5 Qb6 13. Kb1 O-O-O 14. g3 Kb8 15. Bh3
Na5 16. a3 Nc4 17. Qd4 Qb7 18. Rhe1 Rc8 19. Nd2 d5 20. exd5 e5 21. Qd3 Nxb2 22. Kxb2
b4 23. Nc4 Rxc4 24. Qxc4 bxc3+ 25. Kxc3 Rc8 26. Kd4  0-1

[Event "28. Offene Internationale Bayerische Schachmeisterschaft"]
[Site "Gmund am Tegernsee"]
[Date "2025.11.08"]
[Round "8"]
[Board "42"]
[White "Litzka, Richard"]
[Black "Niese, Holger"]
[Result "1-0"]
[WhiteElo "2237"]
[BlackElo "2064"]
[PlyCount "0"]
[EventDate "2025.11.01"]
[EventRounds "9"]
[EventCountry "GER"]

1. Nf3 d5 2. e3 c5 3. b3 Nf6 4. Bb2 e6 5. d4 Be7 6. dxc5 Nbd7 7. b4 a5 8. a3 O-O
9. Nbd2 Qc7 10. Nd4 Re8 11. Nb5 Qb8 12. Be2 Ne5 13. O-O Nc6 14. c4 axb4 15. axb4
Rd8 16. Rxa8 Qxa8 17. Qb3 Qb8 18. Nd4 e5 19. Nxc6 bxc6 20. Nf3 e4 21. Be5 Qb7 22.
Nd4 Nd7 23. Bg3 Nf6 24. h3 Be6 25. b5 Rc8 26. Rb1 Bxc5 27. bxc6 Qa7 28. Nxe6 fxe6
29. Qb7 Qa8 30. Qxa8 Rxa8 31. c7 Nd7 32. cxd5 exd5 33. Bg4 Nb6 34. Rb5 Ra1+ 35. Kh2
Rc1 36. Be6+ Kh8 37. Bxd5  1-0

[Event "28. Offene Internationale Bayerische Schachmeisterschaft"]
[Site "Gmund am Tegernsee"]
[Date "2025.11.08"]
[Round "8"]
[Board "43"]
[White "Pfaar, Zeno"]
[Black "Doll, Alexander"]
[Result "0-1"]
[WhiteElo "2078"]
[BlackElo "2234"]
[PlyCount "0"]
[EventDate "2025.11.01"]
[EventRounds "9"]
[EventCountry "GER"]

1. e4 e5 2. Nf3 Nc6 3. Bc4 Bc5 4. c3 Nf6 5. d4 exd4 6. b4 Bb6 7. e5 d5 8. exf6 dxc4
9. Qe2+ Be6 10. b5 d3 11. Qe4 Nb4 12. O-O Nd5 13. fxg7 Rg8 14. Bg5 Qd7 15. Nbd2 f6
16. Rac1 fxg5 17. Nxg5 O-O-O 18. Qxe6 Nf4 19. Qxd7+ Rxd7 20. Kh1 Rdxg7 21. Nge4 Rxg2
22. Rg1 Rxg1+ 23. Rxg1 Rxg1+ 24. Kxg1 Ba5 25. Nxc4 Bxc3 26. Nxc3 Ne2+ 27. Kf1 Nxc3
28. Ke1 Nxb5 29. Kd2 Nd6 30. Nb2 Ne4+ 31. Ke3 Nc5 32. Kd4 b6 33. Ke5 Kd7 34. f4 Ke7
35. Kd5 Kf6 36. Kc6 Kf5 37. Kxc7 Kxf4 38. Kb8 a5 39. Kc7 d2  0-1

[Event "28. Offene Internationale Bayerische Schachmeisterschaft"]
[Site "Gmund am Tegernsee"]
[Date "2025.11.08"]
[Round "8"]
[Board "44"]
[White "Raupp, Thomas"]
[Black "Humbert, Arthur"]
[Result "1/2-1/2"]
[WhiteElo "2229"]
[BlackElo "2051"]
[PlyCount "0"]
[EventDate "2025.11.01"]
[EventRounds "9"]
[EventCountry "GER"]

1. d4 d5 2. c4 e6 3. Nc3 Nc6 4. Nf3 Nf6 5. Bg5 dxc4 6. e3 Na5 7. Ne5 a6 8. Nxc4 Nxc4
9. Bxc4 c5 10. dxc5 Bxc5 11. Qxd8+ Kxd8 12. O-O Ke7 13. Ne4 Ba7 14. Rfd1 b5 15. Bb3
h6 16. Bxf6+ gxf6 17. Rac1 Bb8 18. Nc5 Rd8 19. Rxd8 Kxd8 20. Bd1 a5 21. Be2 b4 22.
b3 f5 23. f4 Ba7 24. Kf2 Rb8 25. Nd3 f6 26. Nc5 Ke7 27. Bd3 Kd6 28. Na6 Bxa6 29.
Bxa6 Bb6  1/2-1/2